| 000 | 00417nam a22001697a 4500 | ||
|---|---|---|---|
| 003 | SGT | ||
| 020 | _a9789390020614 | ||
| 082 |
_a617 _bL22M |
||
| 100 | _aMISHRA, R.K. | ||
| 245 | _aTB. OF LAPAROSCOPY FOR SURGEONS & GYNECOLOGISTS | ||
| 250 | _a4TH | ||
| 260 |
_aINDIA _bJAYPEE PUB _c2022 |
||
| 300 | _a469 | ||
| 650 | _aGENERAL SURGERY | ||
| 653 | _aLAPAROSCOPY FOR SURGEONS & GYNECOLOGISTS | ||
| 942 |
_2ddc _cBK |
||
| 999 |
_c25423 _d25423 |
||